Regional security in Southeast Asia and South Pacific: Prospects of nuclear freezone (Record no. 116756)

MARC details
000 -LEADER
fixed length control field 00411nam a2200145Ia 4500
008 - FIXED-LENGTH DATA ELEMENTS--GENERAL INFORMATION
fixed length control field 230917s9999||||xx |||||||||||||| ||und||
040 ## - CATALOGING SOURCE
-- 99592
Original cataloging agency VIVEKANANDA LIBRARY
041 ## - Language
-- English
082 ## - DDC NUMBER
Classification number 327.116 P192R
100 ## - MAIN ENTRY--PERSONAL NAME
Personal name Pande, Amba
245 #0 - TITLE STATEMENT
Title Regional security in Southeast Asia and South Pacific: Prospects of nuclear freezone
260 ## - PUBLICATION, DISTRIBUTION, ETC. (IMPRINT)
Place of publication, distribution, etc Delhi
Name of publisher, distributor, etc Authors Press
Date of publication, distribution, etc 2002
300 ## - PHYSICAL DESCRIPTION
Pages xii, 232 p.
942 ## - ADDED ENTRY ELEMENTS (KOHA)
Koha item type Books
Holdings
Withdrawn status Lost status Damaged status Not for loan Location (home branch) Sublocation or collection (holding branch) Date acquired Koha issues (times borrowed) Koha full call number Accession No. Koha date last seen Koha item type
        VIVEKANANDA LIBRARY VIVEKANANDA LIBRARY 10/11/2003   327.116 P192R 207534 17/09/2023 Books
© Designed and Maintained by Vivekananda Library, MDU Rohtak